LDR 00687naa#a2200193#i#450# 001 EN\\bibl\19967 005 20260701211952.3 100 ## _a20260630b2026####ek#y0engy0150####ca 102 ## _aRU 200 1# _aSYSTEM ANALYSIS IN MANAGEMENT: HOW TO MAKE DECISIONS IN COMPLEX SYSTEMS _eConference article/thesis 210 1# _aVoronezh _cFSBE Institution of Higher Education Voronezh State University of Forestry and Technologies named after G.F. Morozov _d2026 215 ## _a11 с. 608 ## _aConference article/thesis _2local 675 ## _aАлгоритмы. 004.021 _z 700 #1 _aKulikov _gI. A. 700 #1 _aSedykh _gD. A. 700 #1 _aDudnik _gS. P. 700 #1 _aVytovtov _gP. D. 856 4# _abibl.vgltu.ru _u